Guess kpop mv by picture (2025 - 2026) - Statistics

General Stats
  • This quiz has been taken 60 times
  • The average score is 10 of 21
Answer Stats
Picture Answer % Correct
Spaghetti
76%
Jump
74%
SWIM
68%
Rude
66%
Catch catch
64%
Knife
60%
Bang Bang
58%
Rich man
56%
Thunder
46%
Tunnel Vision
46%
Adrenaline
44%
Blue Valentine
44%
Not Cute Anymore
44%
We go up
44%
Redred
42%
Do it
40%
Burning Up
36%
Hollywood Action
36%
Saucin’
32%
Beautiful strangers
26%
ICONIK
12%
No matching quizzes found
Score Distribution
Percent of People with Each Score
Percentile by Number Answered
Your Score History
You have not taken this quiz